Culture Générale - Série 1967 - Statistiques

Statistiques générales
  • Ce quiz a été pris 98 fois
  • Le résultat moyen est 4 sur 10
Statistiques - réponses
Question Réponse % Correct
Quel mot est la contraction de « bourgeois-bohème » ? bobo
95%
En 1805 lors de la bataille navale de Trafalgar, quel vice amiral anglais trouva la mort ? Nelson
84%
Quel variété de fruit est la "navel" ? orange
63%
Dans quel pays européen se trouve la ville portuaire d'Ancône ? Italie
59%
En argot, quel terme désigne la "porte" ? lourde
44%
Dans quel pays se trouve la ville d'Orel ou Oriol, située sur le fleuve Oka ? Russie
30%
Quel anglicisme désigne une moto tout-terrain ? trail
13%
Quelle « coopérative de production » soviétique a été remplacée en1920 par le kolkhoze ? artel
11%
C'est une personne qui ramasse des chiffons ou un soldat qui bataille à pied (mot désuet) biffin
3%
Quel autre nom porte le tyroglyphe de la farine ou acarien de cuisine (sorte de mite) ? voir photo ciron
3%
Aucun quiz correspondant
Distribution des résultats
% des personnes avec chaque résultat
Percentile par nombre de réponses
Votre historique - résultats
Vous n’avez pas pris ce quiz